[Event "AGAG IIIIIII"]
[Site "SchemingMind.com"]
[Date "2021.04.01"]
[Round "-"]
[White "Kenny Elliott"]
[Black "Geoffrey Rosser"]
[Result "0-1"]
[WhiteCountry "USA"]
[BlackCountry "ENG"]
[WhiteElo "1553"]
[WhiteRD "61"]
[BlackElo "1926"]
[BlackRD "61"]
[GameID "710102"]

1. b3 e5 2. Bb2 Bd6 3. e3 Nf6 4. d4 exd4 5. exd4 O-O 6. Nf3 c6 7. Be2 Bc7 8. O-O d5 9. Qd3 Ne4 10. c4 Bf5
11. Qd1 dxc4 12. bxc4 Nd7 13. Nc3 Ndf6 14. Kh1 Re8 15. d5 Ng4 16. Nxe4 Bxe4 17. Qd4 Nf6 18. Nd2 Be5 19. Qxe5 Rxe5 20. Bxe5 cxd5
21. Bxf6 Qxf6 22. Nxe4 dxe4 23. a4 Rd8 24. Rab1 b6 25. Bg4 Rd2 26. f3 exf3 27. Bxf3 Qd4 28. Bd5 Rf2 29. a5 Kf8 30. axb6 axb6
31. Rbd1 b5 32. h3 Rxf1+ 33. Rxf1 f6 34. Rb1 bxc4 35. Rb8+ Ke7 36. Rb7+ Kd6 37. Bg8 c3 38. Bxh7 Qd1+ 39. Kh2 c2 40. Bxc2 Qxc2
41. Rxg7 Ke5 42. h4 Qf5 43. g4 Qf2+ 44. Kh3 Kf4 45. h5 Qg3#
0-1

[Event "AGAG IIIIIII"]
[Site "SchemingMind.com"]
[Date "2021.04.01"]
[Round "-"]
[White "Geoffrey Rosser"]
[Black "Kenny Elliott"]
[Result "1-0"]
[WhiteCountry "ENG"]
[BlackCountry "USA"]
[WhiteElo "1926"]
[WhiteRD "61"]
[BlackElo "1553"]
[BlackRD "61"]
[GameID "710103"]

1. b3 Nc6 2. Bb2 e5 3. Nf3 e4 4. Nd4 Nxd4 5. Bxd4 c5 6. Bb2 Qg5 7. Nc3 Nf6 8. d4 b6 9. Nb5 Bb7 10. Nc7+ Kd8
11. Nxa8 e3 12. Qd3 exf2+ 13. Kd1 Bxg2 14. Bxg2 Qxg2 15. Qf3 Qxf3 16. exf3 Nd5 17. c4 Ne3+ 18. Ke2 f1=Q+ 19. Rhxf1 Nxf1 20. Kxf1 Bd6
21. dxc5 bxc5 22. Bc3 f6 23. Ba5+ Kc8 24. Kg2 Kb8 25. Rd1 Be5 26. Rxd7 g5 27. Nc7 h5 28. Na6+ Kc8 29. Rxa7 h4 30. Ra8+
1-0

[Event "AGAG IIIIIII"]
[Site "SchemingMind.com"]
[Date "2021.04.02"]
[Round "-"]
[White "Kenny Elliott"]
[Black "grabapawn"]
[Result "1-0"]
[WhiteCountry "USA"]
[BlackCountry "USA"]
[WhiteElo "1553"]
[WhiteRD "61"]
[BlackElo "1454"]
[BlackRD "58"]
[GameID "710104"]

1. b3 d6 2. Bb2 e5 3. e4 Nf6 4. Nf3 Nc6 5. Bb5 Bd7 6. Nc3 a6 7. Bxc6 Bxc6 8. d3 Be7 9. O-O Qd7 10. Re1 O-O-O
11. d4 exd4 12. Nxd4 h5 13. Nxc6 Qxc6 14. Nd5 Nxd5 15. exd5 Qd7 16. Bxg7 Rhg8 17. Bd4 Qh3 18. g3 h4 19. Rxe7 hxg3 20. fxg3 Rxg3+
21. hxg3 Qxg3+ 22. Kf1 Qh3+ 23. Ke1 Qh4+ 24. Kd2 Qxe7 25. Qg4+ Kb8 26. Re1 Qf8 27. Qe2 Kc8 28. Bf6 Qh6+ 29. Kd1 Qxf6 30. Rf1 Qa1+
31. Kd2 Qd4+ 32. Qd3 Qxd3+ 33. Kxd3 Rd7 34. Kd4 c6 35. dxc6 bxc6 36. c4 a5 37. Rf5 Ra7 38. Rf6 Rd7 39. Rf5 Ra7 40. Rf6 Rd7
41. Rf5 c5+ 42. Kc3 Kd8 43. a3 Ke8 44. b4 cxb4+ 45. axb4 axb4+ 46. Kxb4 Ke7 47. Kb5 Ke6 48. Rd5 f5 49. Kc6 f4 50. c5 Rc7+
51. Kxc7 Kxd5 52. cxd6 f3 53. d7 f2 54. d8=Q+ Ke5 55. Qg5+ Ke4 56. Qg2+ Ke3 57. Qf1 Kf3 58. Kd6
1-0

[Event "AGAG IIIIIII"]
[Site "SchemingMind.com"]
[Date "2021.04.01"]
[Round "-"]
[White "grabapawn"]
[Black "Kenny Elliott"]
[Result "0-1"]
[WhiteCountry "USA"]
[BlackCountry "USA"]
[WhiteElo "1521"]
[WhiteRD "60"]
[BlackElo "1595"]
[BlackRD "62"]
[GameID "710105"]

1. b3 e5 2. Bb2 Nc6 3. e4 Nf6 4. Nc3 Bc5 5. Nf3 d6 6. Bc4 Bg4 7. h3 Bh5 8. g4 Bg6 9. d3 O-O 10. Qe2 a6
11. Nh4 Nd4 12. Qd1 Bxe4 13. dxe4 Nxe4 14. Nf5 Nxc3 15. Bxc3 Nxf5 16. gxf5 Qg5 17. Qf3 e4 18. Qe2 Qxf5 19. Rg1 g6 20. h4 d5
21. b4 dxc4 22. Rg2 Bb6 23. Rg5 Qf4 24. Rg4 Bxf2+ 25. Kd1 Rad8+ 26. Bd2 Qe5 27. Rb1 e3
0-1

[Event "AGAG IIIIIII"]
[Site "SchemingMind.com"]
[Date "2021.04.02"]
[Round "-"]
[White "Kenny Elliott"]
[Black "Phillip Beckett"]
[Result "1/2-1/2"]
[WhiteCountry "USA"]
[BlackCountry "ENG"]
[WhiteElo "1553"]
[WhiteRD "61"]
[BlackElo "1513"]
[BlackRD "54"]
[GameID "710106"]

1. b3 b6 2. Bb2 Bb7 3. Nc3 e6 4. e4 Nf6 5. e5 Nd5 6. Nf3 Be7 7. Bc4 O-O 8. O-O Nxc3 9. Bxc3 d5 10. Be2 c5
11. d4 Nc6 12. a3 cxd4 13. Nxd4 Bc5 14. b4 Nxd4 15. Bxd4 Bxd4 16. Qxd4 Qc7 17. Bd3 g6 18. h4 Rac8 19. Qg4 Qxe5 20. Rae1 Qf6
21. Re3 d4 22. Rg3 e5 23. h5 e4 24. Bxe4 Bxe4 25. Qxe4 Rfe8 26. Qg4 Rc3 27. hxg6 fxg6 28. Rxc3 dxc3 29. Qd7 Qe7 30. Qd5+ Kf8
31. Qf3+ Kg8 32. Qxc3 Qe6 33. Qc7 Re7 34. Qb8+ Kg7 35. Qf4 Qe5 36. Qxe5+ Rxe5 37. Rd1 Re7 38. c4 Kh6 39. c5 bxc5 40. bxc5 Rc7
41. Rc1 Kg5 42. c6 Kf6 43. g4 Ke6 44. f4 Kd6 45. Kg2 Rxc6 46. Rxc6+ Kxc6 47. Kg3 Kd5 48. g5 Ke4 49. Kg4 a6 50. a4 a5
51. Kg3 Ke3 52. Kg4 Ke4 53. Kg3 Ke3 54. Kg4 Ke4= 55. Kg3 Ke3
1/2-1/2

[Event "AGAG IIIIIII"]
[Site "SchemingMind.com"]
[Date "2021.04.01"]
[Round "-"]
[White "Phillip Beckett"]
[Black "Kenny Elliott"]
[Result "1-0"]
[WhiteCountry "ENG"]
[BlackCountry "USA"]
[WhiteElo "1513"]
[WhiteRD "54"]
[BlackElo "1553"]
[BlackRD "61"]
[GameID "710107"]

1. b3 e5 2. Bb2 Nc6 3. e3 b6 4. Nf3 e4 5. Nd4 Nxd4 6. Bxd4 c5 7. Bb2 d5 8. Be2 d4 9. exd4 cxd4 10. Bb5+ Bd7
11. Bxd7+ Qxd7 12. Qe2 Nf6 13. d3 Bb4+ 14. c3 Ba5 15. dxe4 O-O 16. O-O dxc3 17. Nxc3 Rfe8 18. f3 Rac8 19. Rfd1 Qe7 20. Rac1 Bxc3
21. Bxc3 Red8 22. Bxf6 Qxf6 23. Rxc8 Rxc8 24. Qd2 Rf8 25. Qd4 Qxd4+ 26. Rxd4 h6 27. Rd7 Ra8 28. Kf2 a5 29. Rb7 a4 30. Rxb6 axb3
31. axb3 Ra2+ 32. Kg3 Rb2 33. b4 Kf8 34. b5 h5 35. Rb8+ Ke7 36. b6 g5 37. b7 Kf6 38. Kh3 Ke7 39. Rg8 g4+ 40. fxg4 hxg4+
41. Rxg4 Rxb7 42. Rf4 Rb3+ 43. g3 Ke6 44. Kg4 f6 45. h4 Rb5 46. Rf5 Rb4 47. Kf4 Rb8 48. h5 Rg8 49. g4 Rh8 50. e5
1-0

[Event "AGAG IIIIIII"]
[Site "SchemingMind.com"]
[Date "2021.04.02"]
[Round "-"]
[White "Kenny Elliott"]
[Black "John Hamer"]
[Result "1/2-1/2"]
[WhiteCountry "USA"]
[BlackCountry "ENG"]
[WhiteElo "1595"]
[WhiteRD "62"]
[BlackElo "1877"]
[BlackRD "65"]
[GameID "710108"]

1. b3 g6 2. Bb2 Nf6 3. Bxf6 exf6 4. e4 c5 5. Bc4 Nc6 6. Nf3 Bg7 7. O-O O-O 8. Nc3 d6 9. Rb1 f5 10. exf5 gxf5
11. Nd5 a6 12. Re1 Bd7 13. Nf4 b5 14. Bd5 Rc8 15. c4 Kh8 16. Nh5 Bh6 17. Qc2 Nb4 18. Qc3+ f6 19. Be6 Nxa2 20. Qc2 f4
21. Qf5 Rc7 22. Nh4 Be8 23. Nxf4 Re7 24. Nd5 Ra7 25. Rb2 Nb4 26. Re4 Bg7 27. Nf3 Bh6 28. Qh3 Bg6 29. Rg4 f5 30. Rxg6 hxg6
31. Qxh6+ Rh7 32. Qxg6 Rg7=
1/2-1/2

[Event "AGAG IIIIIII"]
[Site "SchemingMind.com"]
[Date "2021.04.02"]
[Round "-"]
[White "John Hamer"]
[Black "Kenny Elliott"]
[Result "1-0"]
[WhiteCountry "ENG"]
[BlackCountry "USA"]
[WhiteElo "1877"]
[WhiteRD "65"]
[BlackElo "1595"]
[BlackRD "62"]
[GameID "710109"]

1. b3 e5 2. Bb2 Nc6 3. c4 Bc5 4. e3 Nf6 5. Nc3 d6 6. g3 O-O 7. Bg2 Bd7 8. Nf3 Bg4 9. O-O e4 10. Nxe4 Nxe4
11. Qc2 Nf6 12. Ng5 g6 13. Qc3 Ne5 14. f4 Ned7 15. h3 Bf5 16. d4 Bb6 17. g4 Bxg4 18. hxg4 Nxg4 19. c5 Nxe3 20. Qxe3 dxc5
21. Qh3 h5 22. Rad1 cxd4 23. Bxb7 d3+ 24. Kh2 Rb8 25. Bg2 Qe7 26. Rde1 Qd6 27. Ne4 Qb4 28. Qxd7 Rbd8 29. Nf6+
1-0

[Event "AGAG IIIIIII"]
[Site "SchemingMind.com"]
[Date "2021.04.02"]
[Round "-"]
[White "Kenny Elliott"]
[Black "krzysztof"]
[Result "0-1"]
[WhiteCountry "USA"]
[BlackCountry "POL"]
[WhiteElo "1553"]
[WhiteRD "61"]
[BlackElo "1547"]
[BlackRD "83"]
[GameID "710110"]

1. b3 d5 2. d4 Nf6 3. Nc3 Bf5 4. Nf3 Nc6 5. e3 e6 6. Bb5 a6 7. Bxc6+ bxc6 8. Bb2 Ne4 9. O-O f6 10. Nxe4 Bxe4
11. Nd2 Bg6 12. c4 h5 13. Re1 Bd6 14. c5 Bf8 15. b4 f5 16. Nf3 h4 17. Ne5 Bh5 18. Qa4 Be7 19. Qxc6+ Kf8 20. Qxe6 Rh6
21. Qxf5+ Bf6 22. Nd7+ Kg8 23. Nxf6+ gxf6 24. Qxd5+ Qxd5 25. e4 Qb7 26. a3 a5 27. Rac1 h3 28. g3 axb4 29. axb4 f5 30. c6 Qc8
31. d5 f4 32. e5 Qg4 33. Rc4 Qf3 34. Kf1 Qg2#
0-1

[Event "AGAG IIIIIII"]
[Site "SchemingMind.com"]
[Date "2021.04.01"]
[Round "-"]
[White "krzysztof"]
[Black "Kenny Elliott"]
[Result "1-0"]
[WhiteCountry "POL"]
[BlackCountry "USA"]
[WhiteElo "1557"]
[WhiteRD "87"]
[BlackElo "1538"]
[BlackRD "68"]
[GameID "710111"]

1. b3 e5 2. Bb2 Nc6 3. e4 Nf6 4. Nc3 Bc5 5. h3 d6 6. Bb5 Bd7 7. a4 Nd4 8. Nge2 Bxb5 9. axb5 a6 10. bxa6 bxa6
11. Nd5 Nxe4 12. Nxd4 Bxd4 13. Bxd4 exd4 14. O-O O-O 15. f3 Ng3 16. Rf2 c6 17. Nf4 Qf6 18. Nd3 Rae8 19. f4 Re6 20. Qf3 Nf5
21. Rxa6 c5 22. Ra8 h6 23. Rxf8+ Kxf8 24. Rf1 Qg6 25. Re1 Rxe1+ 26. Nxe1 Qe6 27. Qa8+ Qe8 28. Qxe8+ Kxe8 29. Nd3 Ke7 30. Kf2 Kd7
31. Kf3 h5 32. g4 hxg4+ 33. hxg4 Ne7 34. c3 Kc6 35. cxd4 cxd4 36. Ke4 g6 37. f5 gxf5+ 38. gxf5 f6 39. Nf4 Kc5 40. Ng6 d5+
41. Kf4 Nc6 42. Nf8 Ne5 43. Ne6+ Kb4 44. Nxd4 Kc5 45. Nc2 Nd3+ 46. Ke3 Nb4 47. Na3 d4+ 48. Ke4 Nc6 49. Nc2 Ne5 50. d3 Nc6
51. b4+ Kb5 52. Nxd4+ Nxd4 53. Kxd4 Kxb4 54. Kd5 Kc3 55. d4 Kd3 56. Ke6
1-0

[Event "AGAG IIIIIII"]
[Site "SchemingMind.com"]
[Date "2021.04.01"]
[Round "-"]
[White "Kenny Elliott"]
[Black "JAHI"]
[Result "0-1"]
[WhiteCountry "USA"]
[BlackCountry "INT"]
[WhiteElo "1547"]
[WhiteRD "65"]
[BlackElo "2052"]
[BlackRD "72"]
[GameID "710112"]

1. b3 e6 2. Bb2 d6 3. e4 d5 4. exd5 exd5 5. d4 Bb4+ 6. Nc3 Ne7 7. Qf3 Be6 8. Nh3 Nd7 9. Bd3 Kf8 10. Ng5 Kg8
11. O-O Bxc3 12. Bxc3 h6 13. Nxe6 fxe6 14. Rae1 Nf8 15. Qg3 Qd7 16. Re2 Re8 17. a4 h5 18. Re5 Qd6 19. Qg5 Nc6 20. Re3 Qe7
21. Qg3 Rh6 22. h4 Rf6 23. Be2 Rf5 24. Rf3 g6 25. Rxf5 exf5 26. Bxh5 f4 27. Qg4 Qh7 28. b4 Qxh5 29. Qxf4 Re4 30. Qxc7 Rxh4
31. f3 Rh1+ 32. Kf2 Rxf1+ 33. Kxf1 Qh1+ 34. Kf2 Qc1 35. Kg3 Qxc2 36. Be1 Qe2 37. Bf2 Nxb4 38. Qc3 Nd3 39. Bg1 g5 40. Kh2 Nf4
0-1

[Event "AGAG IIIIIII"]
[Site "SchemingMind.com"]
[Date "2021.04.01"]
[Round "-"]
[White "JAHI"]
[Black "Kenny Elliott"]
[Result "1-0"]
[WhiteCountry "INT"]
[BlackCountry "USA"]
[WhiteElo "2075"]
[WhiteRD "77"]
[BlackElo "1553"]
[BlackRD "61"]
[GameID "710113"]

1. b3 e5 2. e3 Nf6 3. Bb2 Nc6 4. a3 d5 5. Bb5 Bd7 6. Bxc6 Bxc6 7. d3 Bd6 8. Nd2 O-O 9. h3= d4 10. e4 Nd7
11. Ne2 Nf6 12. Kf1 Qd7 13. Kg1 Nh5 14. Nxd4 Nf4 15. Nxc6 bxc6 16. Qf1 c5 17. g3 Nxh3+ 18. Qxh3 Qxh3 19. Rxh3 a5 20. a4 f5
21. Nc4 fxe4 22. dxe4 Rab8 23. Bc3 Rf3 24. Bxa5 Rbf8 25. Be1 Rxb3 26. cxb3
1-0

[Event "AGAG IIIIIII"]
[Site "SchemingMind.com"]
[Date "2021.04.02"]
[Round "-"]
[White "Kenny Elliott"]
[Black "splinter"]
[Result "0-1"]
[WhiteCountry "USA"]
[BlackCountry "CAN"]
[WhiteElo "1553"]
[WhiteRD "61"]
[BlackElo "1866"]
[BlackRD "78"]
[GameID "710114"]

1. b3 e5 2. e4 Nf6 3. Bb2 Nc6 4. Nf3 d6 5. Bb5 Nxe4 6. d3 Nf6 7. Nbd2 Bd7 8. O-O Be7 9. Rb1 a6 10. Bxc6 Bxc6
11. Re1 O-O 12. h3 Qd7 13. a4 a5 14. d4 e4 15. Ng5 d5 16. c4 Bb4 17. Re3 h6 18. cxd5 Qxd5 19. Ngf3 exf3 20. Nxf3 Rae8
21. Ne5 Qxg2#
0-1

[Event "AGAG IIIIIII"]
[Site "SchemingMind.com"]
[Date "2021.04.02"]
[Round "-"]
[White "splinter"]
[Black "Kenny Elliott"]
[Result "1-0"]
[WhiteCountry "CAN"]
[BlackCountry "USA"]
[WhiteElo "1866"]
[WhiteRD "78"]
[BlackElo "1553"]
[BlackRD "61"]
[GameID "710115"]

1. b3 Nc6 2. e4 e5 3. Bb2 Nf6 4. Nc3 d5 5. exd5 Nxd5 6. Bc4 Nf4 7. g3 Nh3 8. Nxh3 Bxh3 9. Qf3 f6 10. Qh5+ Kd7
11. Qxh3+ Ke8 12. O-O-O Bd6 13. Rhe1 Qe7 14. f4 a6 15. Nd5 Qd7 16. Qxd7+ Kxd7 17. fxe5 Bxe5 18. Bxe5 fxe5 19. Bd3 Raf8 20. Rf1 Kd6
21. Ne3 h5 22. Nf5+ Kd7 23. Nxg7 Rxf1 24. Rxf1 h4 25. Rf7+ Ne7 26. Nf5 hxg3 27. Rxe7+ Kc8 28. hxg3
1-0

[Event "AGAG IIIIIII"]
[Site "SchemingMind.com"]
[Date "2021.04.01"]
[Round "-"]
[White "Kenny Elliott"]
[Black "eliecercruzr"]
[Result "0-1"]
[WhiteCountry "USA"]
[BlackCountry "CUB"]
[WhiteElo "1553"]
[WhiteRD "61"]
[BlackElo "2203"]
[BlackRD "105"]
[GameID "710116"]

1. b3 e5 2. Bb2 Nc6 3. e4 Nf6 4. Nf3 Bc5 5. d4 exd4 6. Bc4 Nxe4 7. Nbd2 d5 8. Bb5 Nc3 9. Bxc6+ bxc6 10. Bxc3 Qe7+
11. Qe2 Qxe2+ 12. Kxe2 dxc3 13. Nb1 d4 14. Re1 O-O 15. Kf1 Ba6+ 16. Kg1 Rfe8 17. Rc1 Rad8 18. Re1 Rxe1+ 19. Nxe1 Re8 20. Nf3 Re2
21. a3 Rxc2 22. b4 Rc1+
0-1

[Event "AGAG IIIIIII"]
[Site "SchemingMind.com"]
[Date "2021.04.02"]
[Round "-"]
[White "eliecercruzr"]
[Black "Kenny Elliott"]
[Result "1-0"]
[WhiteCountry "CUB"]
[BlackCountry "USA"]
[WhiteElo "2203"]
[WhiteRD "105"]
[BlackElo "1553"]
[BlackRD "61"]
[GameID "710117"]

1. b3 e5 2. Bb2 Nc6 3. e3 b6 4. c4 Bb7 5. Nc3 Nf6 6. Nf3 Bb4 7. Nd5 O-O 8. Nxb4 Nxb4 9. Nxe5 d6 10. Nf3 Be4
11. d3 Bb7 12. Rc1 c5 13. a3 Bxf3 14. Qxf3 Nxd3+ 15. Bxd3 Rb8 16. Rd1 Re8 17. Bc2 b5 18. Bxf6 Qxf6 19. Qxf6 gxf6 20. cxb5 Rxb5
21. Rxd6 a5 22. Kd2 Reb8 23. Kc3 Kg7 24. Rhd1 f5 25. R1d5 f6 26. Rxf5 Rf8 27. Rd7+ Rf7 28. Rxf7+
1-0

[Event "AGAG IIIIIII"]
[Site "SchemingMind.com"]
[Date "2021.04.05"]
[Round "-"]
[White "Kenny Elliott"]
[Black "MichaelChess"]
[Result "0-1"]
[WhiteCountry "USA"]
[BlackCountry "CUB"]
[WhiteElo "1538"]
[WhiteRD "68"]
[BlackElo "2356"]
[BlackRD "96"]
[GameID "710118"]

1. b3 c5 2. Bb2 Nc6 3. Nf3 d5 4. e3 Nf6 5. Bb5 e6 6. Bxc6+ bxc6 7. Ne5 Bd6 8. O-O O-O 9. d4 Qc7 10. Nd2 cxd4
11. exd4 c5 12. dxc5 Bxe5 13. Bxe5 Qxe5 14. Nf3 Qc7 15. b4 a5 16. c3 e5 17. c6 e4 18. Nd4 axb4 19. cxb4 Ng4 20. g3 Qb6
21. b5 e3 22. Qd3 exf2+ 23. Kg2 Re8 24. h3 Re3 25. Qd2 Qc7 26. hxg4 Qxg3+ 27. Kh1 Qh3#
0-1

[Event "AGAG IIIIIII"]
[Site "SchemingMind.com"]
[Date "2021.04.04"]
[Round "-"]
[White "MichaelChess"]
[Black "Kenny Elliott"]
[Result "1-0"]
[WhiteCountry "CUB"]
[BlackCountry "USA"]
[WhiteElo "2406"]
[WhiteRD "91"]
[BlackElo "1514"]
[BlackRD "69"]
[GameID "710119"]

1. b3 e5 2. Bb2 Nc6 3. c4 Nf6 4. e3 d5 5. cxd5 Nxd5 6. Nf3 Bg4 7. h3 e4 8. hxg4 exf3 9. Qxf3 Ndb4 10. Bc4 f6
11. g5 Be7 12. Ke2 Qd6 13. a3 Nc2 14. gxf6 gxf6 15. Qh5+ Kd7 16. Qf5+ Kd8 17. Qxc2 h5 18. Nc3 Qd7 19. Bd3 a5 20. Bf5 Qe8
21. Nb5 Qg8 22. Qd3+ Ke8 23. Nxc7+ Kf8 24. Nxa8 Qxg2 25. Nc7 Ne5 26. Bxe5 fxe5 27. Qd7 Kf7 28. Be6+ Kf6 29. Nd5+ Kg5 30. Qxe7+
1-0

[Event "AGAG IIIIIII"]
[Site "SchemingMind.com"]
[Date "2021.04.01"]
[Round "-"]
[White "Geoffrey Rosser"]
[Black "grabapawn"]
[Result "1-0"]
[WhiteCountry "ENG"]
[BlackCountry "USA"]
[WhiteElo "1926"]
[WhiteRD "61"]
[BlackElo "1454"]
[BlackRD "58"]
[GameID "710120"]

1. b3 d6 2. Bb2 Nd7 3. c4 e5 4. e3 Be7 5. Nf3 c6 6. d4 e4 7. Nfd2 Ngf6 8. Nc3 Qc7 9. Ndxe4 Nf8 10. Be2 Ng6
11. Nxf6+ Bxf6 12. Ne4 d5 13. Nxf6+ gxf6 14. cxd5 Qa5+ 15. Qd2 Qxd5 16. Bf3 Qe6 17. O-O-O O-O 18. d5 cxd5 19. Bxd5 Qb6 20. Qd4 Qc7+
21. Kb1 Bf5+ 22. e4 Ne5 23. exf5 Rad8 24. f4 Rfe8 25. fxe5 fxe5 26. Qg4+ Kh8 27. f6 Rg8 28. Qf5 e4 29. g3 h6 30. Bxe4 Rg6
31. Qh5
1-0

[Event "AGAG IIIIIII"]
[Site "SchemingMind.com"]
[Date "2021.04.01"]
[Round "-"]
[White "grabapawn"]
[Black "Geoffrey Rosser"]
[Result "0-1"]
[WhiteCountry "USA"]
[BlackCountry "ENG"]
[WhiteElo "1521"]
[WhiteRD "60"]
[BlackElo "1921"]
[BlackRD "59"]
[GameID "710121"]

1. b3 e5 2. Bb2 Nc6 3. e4 Nf6 4. Nf3 d6 5. Bc4 Nxe4 6. d3 Nc5 7. Qd2 Be7 8. d4 Ne4 9. Qe3 Bf5 10. Nbd2 Nxd2
11. Qxd2 d5 12. Be2 e4 13. Ne5 O-O 14. f3 Bb4 15. c3 Bd6 16. O-O Nxe5 17. dxe5 Bxe5 18. Rad1 c6 19. f4 Bc7 20. Qe3 Bb6
21. Rd4 Qd6
0-1

[Event "AGAG IIIIIII"]
[Site "SchemingMind.com"]
[Date "2021.04.01"]
[Round "-"]
[White "Geoffrey Rosser"]
[Black "Phillip Beckett"]
[Result "1/2-1/2"]
[WhiteCountry "ENG"]
[BlackCountry "ENG"]
[WhiteElo "1926"]
[WhiteRD "61"]
[BlackElo "1513"]
[BlackRD "54"]
[GameID "710122"]

1. b3 b6 2. Bb2 Bb7 3. e3 e6 4. c4 f5 5. Nf3 Nf6 6. d4 Be7 7. Bd3 O-O 8. O-O Ne4 9. Nc3 d5 10. Ne5 Nc6
11. cxd5 Nxc3 12. Bxc3 Nxe5 13. dxe5 Bxd5 14. Qc2 c5 15. Rad1 Qc7 16. e4 fxe4 17. Bxe4 Bxe4 18. Qxe4 Rad8 19. Qg4 Qc6 20. Rxd8 Rxd8
21. Rd1 Rxd1+ 22. Qxd1 Kf7 23. Qh5+ Kg8 24. f4 g6 25. Qg4 Qd5 26. Qe2 g5 27. Qd2 Qe4 28. g3 gxf4 29. Qxf4 Qb1+ 30. Kg2 Qc2+
31. Qd2 Qxd2+ 32. Bxd2 a6 33. Kf3 Kf7 34. Ke4 Kg6 35. h4 h5 36. Kf4 b5 37. Ba5 c4 38. bxc4 bxc4 39. Bc3= Bc5 40. Ke4 Bf2
41. Kf3 Bb6 42. Ke4 Bf2 43. Kf3 Bc5=
1/2-1/2

[Event "AGAG IIIIIII"]
[Site "SchemingMind.com"]
[Date "2021.04.01"]
[Round "-"]
[White "Phillip Beckett"]
[Black "Geoffrey Rosser"]
[Result "0-1"]
[WhiteCountry "ENG"]
[BlackCountry "ENG"]
[WhiteElo "1513"]
[WhiteRD "54"]
[BlackElo "1926"]
[BlackRD "61"]
[GameID "710123"]

1. b3 e5 2. Bb2 Nc6 3. e3 d5 4. Nf3 Nf6 5. Nxe5 Bd6 6. Nxc6 bxc6 7. Be2 O-O 8. f4 Ne4 9. O-O f5 10. Nc3 Qh4
11. d3 Nxc3 12. Bxc3 Qe7 13. Bf3 Qxe3+ 14. Kh1 Bxf4 15. Re1 Qc5 16. Bd2 Bxd2 17. Qxd2 f4 18. c4 d4 19. b4 Qd6 20. Re4 Bd7
21. b5 cxb5 22. Rae1 Rae8 23. Rxe8 Rxe8 24. cxb5 Bxb5 25. Rxe8+ Bxe8 26. Qe2 Kf7 27. Bh5+ g6 28. Bf3 Qe6 29. Be4 Bc6 30. Kg1 Bxe4
31. dxe4 c5 32. e5 c4 33. Qe4 Qb6 34. Kf1 Ke6 35. Qxf4 Qb1+ 36. Kf2 Qf5
0-1

[Event "AGAG IIIIIII"]
[Site "SchemingMind.com"]
[Date "2021.04.01"]
[Round "-"]
[White "Geoffrey Rosser"]
[Black "John Hamer"]
[Result "1-0"]
[WhiteCountry "ENG"]
[BlackCountry "ENG"]
[WhiteElo "1926"]
[WhiteRD "61"]
[BlackElo "1873"]
[BlackRD "67"]
[GameID "710124"]

1. b3 c5 2. c4 Nf6 3. Bb2 e6 4. Nf3 Nc6 5. Na3 Be7 6. e3 O-O 7. Bd3 Re8 8. O-O Rb8 9. Bc2 g6 10. Ne5 d6
11. Ng4 Nxg4 12. Qxg4 d5 13. f4 Nb4 14. Bb1 Nc6 15. f5 e5 16. cxd5 Qxd5 17. Nc4 Bf6 18. Rf3 Rd8 19. Be4 Qd7 20. Rg3 Bg7
21. Rf1 f6 22. Bc1 Re8 23. d4 exd4 24. Rd1 Qd8 25. exd4 Qe7 26. Bd5+ Kf8 27. Bf4 Bxf5 28. Qf3 Nxd4 29. Rxd4 cxd4 30. Bd6
1-0

[Event "AGAG IIIIIII"]
[Site "SchemingMind.com"]
[Date "2021.04.01"]
[Round "-"]
[White "John Hamer"]
[Black "Geoffrey Rosser"]
[Result "1-0"]
[WhiteCountry "ENG"]
[BlackCountry "ENG"]
[WhiteElo "1873"]
[WhiteRD "67"]
[BlackElo "1926"]
[BlackRD "61"]
[GameID "710125"]

1. b3 Nc6 2. d4 d5 3. Nf3 Nf6 4. Bb2 Bf5 5. a3 e6 6. Nbd2 Bd6 7. Ne5 O-O 8. e3 Nd7 9. Nxc6 bxc6 10. g4 Bg6
11. h4 h6 12. h5 Bh7 13. Bd3 Bxd3 14. cxd3 c5 15. dxc5 Nxc5 16. Nf3 Rb8 17. b4 Nd7 18. Rg1 c5 19. g5 hxg5 20. Nxg5 Be5
21. Qc2 Qf6 22. d4 cxd4 23. Qh7#
1-0

[Event "AGAG IIIIIII"]
[Site "SchemingMind.com"]
[Date "2021.04.02"]
[Round "-"]
[White "Geoffrey Rosser"]
[Black "krzysztof"]
[Result "1-0"]
[WhiteCountry "ENG"]
[BlackCountry "POL"]
[WhiteElo "1906"]
[WhiteRD "61"]
[BlackElo "1559"]
[BlackRD "86"]
[GameID "710126"]

1. b3 d5 2. Nf3 Bg4 3. Bb2 Nf6 4. e3 Nc6 5. Be2 h5 6. h3 Bf5 7. Nh4 Qd7 8. Nxf5 Qxf5 9. Nc3 Rd8 10. d4 Ne4
11. Nxe4 dxe4 12. Qd2 e5 13. Bb5 exd4 14. Bxc6+ bxc6 15. exd4 c5 16. Qe3 Be7 17. O-O g5 18. d5 Rh6 19. Rfe1 Rxd5 20. Qxe4 Re6
21. Qa4+ c6 22. Rxe6 Qxe6 23. Qxa7 g4 24. hxg4 hxg4 25. Bc3 Qd6 26. Qa8+ Bd8 27. Re1+ Kf8 28. Ba5 Kg7 29. Bxd8 Qxd8 30. Qxc6 g3
31. fxg3 Rf5 32. Qe4 Qf6 33. a4 Rg5 34. Qf3 Qd4+ 35. Qe3 Qd6 36. Qxg5+ Kf8 37. Qe7+ Qxe7 38. Rxe7 Kxe7 39. Kf2 Kd6 40. Ke3 Kd5
41. a5 Kc6 42. Ke4 Kb5 43. Kd5 Kxa5 44. Kxc5 Ka6 45. Kc6 Ka5 46. c4 Kb4 47. c5 Kxb3 48. Kd7 Kc4 49. c6 Kb5 50. c7
1-0

[Event "AGAG IIIIIII"]
[Site "SchemingMind.com"]
[Date "2021.04.01"]
[Round "-"]
[White "krzysztof"]
[Black "Geoffrey Rosser"]
[Result "0-1"]
[WhiteCountry "POL"]
[BlackCountry "ENG"]
[WhiteElo "1547"]
[WhiteRD "83"]
[BlackElo "1926"]
[BlackRD "61"]
[GameID "710127"]

1. b3 Nf6 2. Bb2 Nc6 3. Nc3 e5 4. e4 Bc5 5. f3 O-O 6. Bc4 d6 7. Nd5 Nxe4 8. fxe4 Qh4+ 9. g3 Qxe4+ 10. Qe2 Qxh1
11. O-O-O Bxg1 12. Qf1 Qxh2 13. Qxg1 Qxg1 14. Rxg1 Bd7 15. Nxc7 Rac8 16. Nd5 Be6 17. Ne3 Bxc4 18. Nxc4 Nb4 19. a3 Nxc2 20. Nxd6 Rc6
21. Nc4 Nxa3 22. Bxa3 b5 23. Kb2 bxc4 24. Bxf8 Kxf8 25. Rc1 Rd6 26. Rxc4 Rxd2+ 27. Kc1 Rd3 28. b4 Rd4 29. Rxd4 exd4 30. Kd2 Ke7
31. Kd3 f5 32. Kxd4 Kd6 33. Kc4 h5 34. Kb5 f4 35. gxf4 h4 36. Ka6 h3 37. b5 h2 38. Kxa7 h1=Q 39. b6 Kc6 40. b7 Qa1+
41. Kb8 Qa6 42. Kc8 Qxb7+ 43. Kd8 Qd7#
0-1

[Event "AGAG IIIIIII"]
[Site "SchemingMind.com"]
[Date "2021.04.01"]
[Round "-"]
[White "Geoffrey Rosser"]
[Black "JAHI"]
[Result "0-1"]
[WhiteCountry "ENG"]
[BlackCountry "INT"]
[WhiteElo "1906"]
[WhiteRD "61"]
[BlackElo "2052"]
[BlackRD "72"]
[GameID "710128"]

1. b3 e6 2. Bb2 d6 3. e4 d5 4. exd5 exd5 5. Nf3 Bg4 6. Be2 Bxf3 7. Bxf3 c6 8. Qe2+ Qe7 9. O-O Qxe2 10. Bxe2 h6
11. Re1 Ne7 12. c4 h5 13. cxd5 cxd5 14. Bb5+ Nc6 15. Nc3 Kd8 16. Ne2 a6 17. Bxc6 Nxc6 18. Nf4 d4 19. Re4 Bc5 20. a3 Kd7
21. Rc1 Ba7 22. Ne2 Rae8 23. Rxe8 Rxe8 24. Kf1 g6 25. Nf4 Na5 26. Nd5 Re5 27. Ne3 Nxb3 28. Rc2 Re6 29. g3 dxe3 30. dxe3 Rc6
31. Bc3 Bb6
0-1

[Event "AGAG IIIIIII"]
[Site "SchemingMind.com"]
[Date "2021.04.01"]
[Round "-"]
[White "JAHI"]
[Black "Geoffrey Rosser"]
[Result "1-0"]
[WhiteCountry "INT"]
[BlackCountry "ENG"]
[WhiteElo "2052"]
[WhiteRD "72"]
[BlackElo "1906"]
[BlackRD "61"]
[GameID "710129"]

1. b3 d5 2. e3 e5 3. Bb2 Nc6 4. Bb5 Bd6 5. d3 Ne7 6. Nd2 a6 7. Bxc6+ Nxc6 8. Ne2 O-O 9. h3 Re8 10. Kf1 e4
11. Kg1 Bf5 12. d4 Ne7 13. Qf1 Ng6 14. g3 c5 15. c3 cxd4 16. Nxd4 Bd7 17. c4 Qg5 18. h4 Qh5 19. cxd5= Qxd5 20. h5 Ne5
21. Nc4 Bc7 22. Nxe5 Rxe5 23. h6 Rh5 24. Rxh5 Qxh5 25. Qg2 Re8 26. Rc1 Bh3 27. g4 Qh4 28. Nf5 Qxg4 29. Qxg4 Bxg4 30. Rxc7 Bxf5
31. Bxg7 Bc8 32. Kh2 f5 33. Bb2 f4 34. Rg7+ Kf8 35. Ba3+
1-0